Normal view
MARC view
- Zaphiris, Panayiotis.
Entry Personal Name
001 - CONTROL NUMBER
- control field: 5676
003 - CONTROL NUMBER IDENTIFIER
- control field: OSt
005 - DATE AND TIME OF LATEST TRANSACTION
- control field: 20201020104724.0
008 - FIXED-LENGTH DATA ELEMENTS
- fixed length control field: 201020|| aca||aabn | a|a d
040 ## - CATALOGING SOURCE
- Original cataloging agency: OSt
- Transcribing agency: OSt
100 ## - HEADING--PERSONAL NAME
- Personal name: Zaphiris, Panayiotis.
670 ## - SOURCE DATA FOUND
- Source citation: Work cat.: (OSt)0: Zaphiris, Panayiotis., User-Centered Computer Aided Language Learning /, c2006.